Information Technology for Management 12th Ed. (Record no. 21420)
[ view plain ]
| 000 -LEADER | |
|---|---|
| fixed length control field | 00346nam a22001337a 4500 |
| 008 - FIXED-LENGTH DATA ELEMENTS--GENERAL INFORMATION | |
| fixed length control field | 250830b |||||||| |||| 00| 0 eng d |
| 020 ## - INTERNATIONAL STANDARD BOOK NUMBER | |
| ISBN | 978-93-5464-198-5 |
| 100 ## - MAIN ENTRY--AUTHOR NAME | |
| Personal name | E Turban & C Pollard |
| 245 ## - TITLE STATEMENT | |
| Title | Information Technology for Management 12th Ed. |
| 250 ## - EDITION STATEMENT | |
| Edition statement | 12th |
| 260 ## - PUBLICATION, DISTRIBUTION, ETC. (IMPRINT) | |
| Place of publication | New Delhi |
| Name of publisher | Wiley |
| Year of publication | 2022 |
| 300 ## - PHYSICAL DESCRIPTION | |
| Number of Pages | 606 |
| 942 ## - ADDED ENTRY ELEMENTS (KOHA) | |
| Source of classification or shelving scheme | Dewey Decimal Classification |
| Koha item type | Books |
| Accession Number | Cost, normal purchase price | Bill Date | Source of acquisition | Price effective from | Koha item type | Withdrawn / writtenoff status | Damaged status | Not for loan | Permanent Location | Current Location | Shelving location | Date acquired | Lost/ Missing status | department |
|---|---|---|---|---|---|---|---|---|---|---|---|---|---|---|
| B.COM 307 | 1129.00 | 19-08-2025 | ABD Publisher | 08/30/2025 | Books | Not For Loan | MIET Library, Jammu | MIET Library, Jammu | 192/1 | 08/19/2025 | B.COM | |||
| B.COM 308 | 1129.00 | 19-08-2025 | ABD Publisher | 08/30/2025 | Books | MIET Library, Jammu | MIET Library, Jammu | 190/1 | 08/19/2025 | B.COM | ||||
| B.COM 309 | 1129.00 | 19-08-2025 | ABD Publisher | 08/30/2025 | Books | MIET Library, Jammu | MIET Library, Jammu | 190/1 | 08/19/2025 | B.COM | ||||
| B.COM 310 | 1129.00 | 19-08-2025 | ABD Publisher | 08/30/2025 | Books | MIET Library, Jammu | MIET Library, Jammu | 190/1 | 08/19/2025 | B.COM | ||||
| B.COM 311 | 1129.00 | 19-08-2025 | ABD Publisher | 08/30/2025 | Books | MIET Library, Jammu | MIET Library, Jammu | 190/1 | 08/19/2025 | B.COM |